Titanic movie characters - Statistics

General Stats
  • This quiz has been taken 379 times
  • The average score is 5 of 10
Answer Stats
Hint Answer % Correct
The guy that was really good at art but sadlt froze to death Jack Dawson
100%
The rich girl that falls the artist Rose DeWitt Bukater
99%
The billion air man that is horrible Caledon Hockley
83%
A rich funny woman that nobody really likes Molly Brown
75%
The rich girls mother Ruth DeWitt Bukater
51%
The man that is searching for the heart of the ocean Brock Lovett
30%
The creator/namer of the ship Bruce Ismay
27%
The rich girl's (when she is old) granchild/daughter Lizzy Calvert
25%
The captain of the ship Captain Smith
21%
The horible rich man's assistant Benjamin Guggenheim
1%
No matching quizzes found
Score Distribution
Percent of People with Each Score
Percentile by Number Answered
Your Score History
You have not taken this quiz